000 00697ctm a22002055a 4500
001 L141699
008 071213i19181925xxk eng u
035 _a(Sirsi) u141699
041 0 _aeng
110 2 _aAuctioneers' Institute of the United Kingdom
_93785
245 0 1 _a[Notebook containing press cuttings on auctions]
_h[manuscript]
260 _c1918-1935
300 _a1 v.
_c21 cm.
340 _aPrinted and manuscript
351 _cSingle item
500 _aNotebook contains press cuttings and manuscript notes on the subject of auctions.
651 4 _aUnited Kingdom
_y
690 _aPROPERTY-ACQUISITION AND DISPOSAL OF PROPERTY-ACQUISITION AND DISPOSAL AT AUCTION
942 _n0
999 _c116761
_d116761